000 00598nam a2200241Ia 4500
003 OSt
005 20220928143912.0
006 a|||||r|||| 00| 0
007 ta
008 220927b |||||||| |||| 00| 0 eng d
024 _a23311
037 _cTextual
040 _aSDCL
_cSDCL
_beng
041 _2eng
_aeng
082 _aC52, M6
100 _aLorrian Paul
_9506212
245 0 _aElectromagnetic field and waves.
250 _a2
260 _c1986
700 _a Corson Dale R
_9506213
942 _hC52, M6
_cTEXL
_2CC
999 _c825257
_d825257